000
00191 a2200097 4500
001
1273
100
_a
Lissaman,
245
_a
Engineering design
260
_a
_b
E.U.P.
_c
090
_c
832
_d
832
942
_a
NUST-CAE
_c
M
_c
35067
999
_c
236346
_d
236346